[Event "Coria del Rio op 8th"]
[Site "Coria del Rio"]
[Date "2002.02.17"]
[Round "5"]
[White "Pogorelov, Ruslan"]
[Black "Cortes Artigas, Jose"]
[Result "1-0"]
[WhiteElo "2460"]
[BlackElo "1896"]
[PlyCount "49"]
[EventDate "2002.02.13"]
[EventType "swiss"]
[EventRounds "9"]
[EventCountry "ESP"]
[SourceTitle "CBM 086 Extra"]
[Source "ChessBase"]
[SourceDate "2002.03.14"]
[SourceVersion "1"]
[SourceVersionDate "2002.03.14"]
[SourceQuality "1"]

1. Nf3 Nf6 2. c4 g6 3. Nc3 d5 4. cxd5 Nxd5 5. Qa4+ Bd7 6. Qb3 Nb6 7. h4 Bg4 8. Ng5 e6 9. f3 h6 10. Nxf7 Kxf7 11. fxg4 Nc6 12. e3 Qd6 13. Rh3 Qb4 14. Rf3+ Ke8 15. d4 Qxb3 16. axb3 Nb4 17. Kf2 c6 18. Bd2 N4d5 19. Nxd5 Nxd5 20. Bd3 Rg8 21. Ke2 Kd7 22. e4 Ne7 23. g5 h5 24. Bb4 Re8 25. Rxa7 1-0